000 00720cam a2200205 4500500
005 20260405003958.0
041 _afre
042 _adc
100 1 0 _aLegros, Martin
_eauthor
245 0 0 _aEt si les réseaux sociaux nous branchaient sur les autres plus que sur nous-mêmes ? Découvrez l’hypothèse de l’“éclipse de Narcisse”
260 _c2025.
500 _a39
690 _aAlain Ehrenberg
690 _aAutrui
690 _aNarcissisme
690 _aRéseaux sociaux
690 _aYves Citton
786 0 _nPhilosophie magazine | 195 | 13 | 2025-12-01 | p. 78-87 | 1951-1787
856 4 1 _uhttps://shs.cairn.info/magazine-philosophie-magazine-2025-13-page-78?lang=fr&redirect-ssocas=7080
999 _c2072605
_d2072605